IMF Staff papers : Volume 29 No. 3.

This paper examines the effects of the emergence of the United Kingdom as a major oil producer, together with the pursuit of firm financial policies as part of an anti-inflation strategy, has had on the UK economy and, in particular, on the real exchange rate of the pound sterling, which appreciated...

Full description

Bibliographic Details
Corporate Author: International Monetary Fund. Research Dept
Format: Journal
Language:English
Published: Washington, D.C. : International Monetary Fund, 1982.
Series:IMF Staff Papers; IMF Staff Papers ; No. 1982/003
Online Access:Full text available on IMF
LEADER 02119cas a2200241 a 4500
001 AALejournalIMF010484
008 230101c9999 xx r poo 0 0eng d
020 |c 15.00 USD 
020 |z 9781451972702 
022 |a 1020-7635 
040 |a BD-DhAAL  |c BD-DhAAL 
110 2 |a International Monetary Fund.  |b Research Dept. 
245 1 0 |a IMF Staff papers :   |b Volume 29 No. 3. 
264 1 |a Washington, D.C. :  |b International Monetary Fund,  |c 1982. 
300 |a 1 online resource (140 pages) 
490 1 |a IMF Staff Papers 
500 |a <strong>Off-Campus Access:</strong> No User ID or Password Required 
500 |a <strong>On-Campus Access:</strong> No User ID or Password Required 
506 |a Electronic access restricted to authorized BRAC University faculty, staff and students 
520 3 |a This paper examines the effects of the emergence of the United Kingdom as a major oil producer, together with the pursuit of firm financial policies as part of an anti-inflation strategy, has had on the UK economy and, in particular, on the real exchange rate of the pound sterling, which appreciated by 45 percent between 1977 and late 1981. The build-up of North Sea oil production and the rise in the real price of oil have led to a significant change in the structure of the UK economy. A small dynamic macro model of the United Kingdom has been constructed to assess the quantitative importance of North Sea oil production on the economy as well as the main effects of the anti-inflation strategy. The results indicate that both direct and indirect effects of oil production on the real exchange rate and, consequently, on the manufacturing sector are large. The results also indicate that a policy of financial restraint would be successful in reducing inflation, although its costs in the short term would be high, largely because inflation expectations do not appear to adjust rapidly. 
538 |a Mode of access: Internet 
830 0 |a IMF Staff Papers; IMF Staff Papers ;  |v No. 1982/003 
856 4 0 |z Full text available on IMF  |u http://elibrary.imf.org/view/journals/024/1982/003/024.1982.issue-003-en.xml  |z IMF e-Library